1367 1318 1834 1807 1746 1384 1393 1294 1631 1452 1682 1564 1211 1877 1716 1806 1954 1392 1022 1176 1254 1872 1877 1914 1312 1009 1936 1824 1604 1098 1706 1402 1028 1446 1993 1820 1183 1895 1858 1566 1173 1165 1148 1256 1688 1072 1258 1052 1269 1338 1121 1508 1849 1364 1210 1877 1505 1493 1030 1407 1103 1112 1955 1649 1665 1486 1144 1090 1397 1701 1384 1992 1619 1543 1233 1367 1429 1699 1645 1608 1334 1095 1088 1473 1641 1093 1751 1915 1570 1018 1406 1140 1866 1219 1186 1821 1920 2000 1102 BCNSPRNW ULIB Ver.6.0+V

เปลี่ยนเป็นภาษาไทย

Change to English
 แสดงรายละเอียดบรรณานุกรม
  กลับหน้าหลัก

Brief Record : Get Marc (ISO 2709) : E-mail record : QR code < ปิดหน้าต่าง
LEADER : 00000nam 2200000uu 4500
001    13399123498
003     ULIB
008    020711s2555 th a 000 0 tha d
020    9786163211903
060    WM420^bด424ภ
100    ดาราวรรณ ต๊ะปินตา
245    ภาวะซึมเศร้า : การบำบัดและการให้การปรึกษา โดยการปรับความคิดและพฤติกรรม/^cดาราวรรณ ต๊ะปินตา
250    พิมพ์ครั้งที่ 1
260    เชียงใหม่ :^bวนิดาการพิมพ์,^c2555
300    188 หน้า;^b26 ซม.
650    ภาวะซึมเศร้า^xการบำบัด
945    ^p300^l0^i20844
945    ^p300^l0^i20845
945    ^p300^l0^i20846
รายการนี้ยังไม่มีแท็ก
คุณยังไม่ได้ล็อกอิน คุณสามารถมีกิจกรรมร่วมกับเว็บไซต์ได้ แต่ต้องล็อกอินก่อน ::
  ล็อกอิน

รายการสื่อสารสนเทศ

ลำดับที่ ประเภท เลขเรียก/บาร์โค้ด สถานที่ สถานะ
1. วิทยาศาสตร์การแพทย์ และสุขภาพ
วิทยาศาสตร์การแพทย์ และสุขภาพ
สถานะ=หนังสือเก่า
WM420 ด424ภ ฉ.1 
  Barcode: 20844
ห้องสมุดวิทยาเขตนครสวรรค์
►ส่วนจัดเก็บหนังสือเก่า นว.
บนชั้น
  ขอยืม
2. วิทยาศาสตร์การแพทย์ และสุขภาพ
วิทยาศาสตร์การแพทย์ และสุขภาพ
สถานะ=หนังสือเก่า
WM420 ด424ภ ฉ.2 
  Barcode: 20845
ห้องสมุดวิทยาเขตนครสวรรค์
►ส่วนจัดเก็บหนังสือเก่า นว.
บนชั้น
  ขอยืม
3. วิทยาศาสตร์การแพทย์ และสุขภาพ
วิทยาศาสตร์การแพทย์ และสุขภาพ
สถานะ=หนังสือเก่า
WM420 ด424ภ ฉ.3 
  Barcode: 20846
ห้องสมุดวิทยาเขตนครสวรรค์
►ส่วนจัดเก็บหนังสือเก่า นว.
บนชั้น
  ขอยืม

รายการใกล้เคียง
    ผู้แต่ง [ดาราวรรณ ต๊ะปินตา]

BibComment


ยังไม่เคยถูกคอมเมนท์

คอมเมนท์ทรัพยากรรายการนี้
  คอมเมนท์: ภาวะซึมเศร้า การ..


 Copyright 2026. Bcnsprnw @Library